Todos os clubes brasileiros que jogaram competicões internacionais - Statistics

Estatísticas Gerais
  • Esse quiz foi jogado 53 vezes
    25 desde o último reset
  • A pontuação média é 38 de 50
Estatísticas das Respostas
Quantidades de Participações Estado Melhor participação Última Participação Clube % Correto
24 RJ 1 (1º lugar) Libertadores1 (1º lugar) Copa CONMEBOL Sul-Americana 2026 Botafogo de Futebol e Regatas
100%
4 CE (4ª de finais) Sul-Americana 2022 Sul-Americana 2022 Ceará Sporting Club
95%
30 RJ 1 (1º lugar) Campeonato Sul-Americano
de Campeões
1 (1º lugar) Libertadores 1 (1º lugar) Copa Mercosul
Sul-Americana 2026 Club de Regatas Vasco da Gama
95%
33 MG 1 (1º lugar) Libertadores 1 (1º lugar) Recopa Sul-Americana 2 (1º lugar) Copa CONMEBOL Sul-Americana 2026 Clube Atlético Mineiro
95%
49 RJ 1 (1º lugar) Mundial de Clubes
4 (1º lugar) Libertadores
1 (1º lugar) Copa Mercosul 1 (1º lugar) Recopa Sul-Americana 1 (1º lugar) Copa de Ouro Nicolás Leoz
Libertadores 2026 Clube de Regatas do Flamengo
95%
48 MG
2 (1º lugar) Libertadores
2 (1º lugar) Supercopa Libertadores 1 (1º lugar) Recopa Sul-Americana 1 (1º lugar) Copa Master da Supercopa 1 (1º lugar) Copa de Ouro Nicolás Leoz
Libertadores 2026 Cruzeiro Esporte Clube
95%
13 BA (4ª de finais) Libertadores 1989 Libertadores 2026 Esporte Clube Bahia
95%
8 BA (4ª de finais) Copa CONMEBOL 1997 Sul-Americana 2025 Esporte Clube Vitória
95%
29 RJ 1 (1º lugar) Copa Rio Internacional 1 (1º lugar) Libertadores 1 (1º lugar) Recopa Sul-Americana Libertadores 2026 Fluminense Football Club
95%
50 RS 1 (1º lugar) Mundial de Clubes 3 (1º lugar) Libertadores 2 (1º lugar) Recopa Sul-Americana Sul-Americana 2026 Grêmio Foot-Ball Porto Alegrense
95%
42 SP 2 (1º lugar) Mundial de Clubes 3 (1º lugar) Libertadores 1 (1º lugar) Recopa Sul-Americana 1 (1º lugar) Copa CONMEBOL Sul-Americana 2026 Santos Futebol Clube
95%
62 SP 3 (1º lugar) Mundial de Clubes3 (1º lugar) Libertadores 1 (1º lugar) Sul-Americana 2 (1º lugar) Recopa Sul-Americana 1 (1º lugar) Supercopa Libertadores 1 (1º lugar) Copa CONMEBOL 1 (1º lugar) Copa Master da CONMEBOL Sul-Americana 2026 São Paulo Futebol Clube
95%
42 SP 1 (1º lugar) Copa Rio Internacional
3 (1º lugar) Libertadores
1 (1º lugar) Copa Mercosul
1 (1º lugar) Recopa Sul-Americana
Libertadores 2026 Sociedade Esportiva Palmeiras
95%
39 SP 2 (1º lugar) Mundial de Clubes 1 (1º lugar) Libertadores 1 (1º lugar) Recopa Sul-Americana Libertadores 2026 Sport Club Corinthians Paulista
95%
30 RS 1 (1º lugar) Mundial de Clubes
2 (1º lugar) Libertadores
1 (1º lugar) Sul-Americana
2 (1º lugar) Recopa Sul-Americana 1 (1º lugar) Copa Suruga Bank
Libertadores 2025 Sport Club Internacional
95%
8 SC 1 (1º lugar) Sul-Americana Sul-Americana 2019 Associação Chapecoense de Futebol
91%
10 GO (2º lugar) Sul-Americana 2010 Sul-Americana 2023 Goiás Esporte Clube
91%
7 PE (4ª de finais) Sul-Americana 2017 Sul-Americana 2017 Sport Club do Recife
91%
7 PR (4ª de finais) Sul-Americana 2016 Sul-Americana 2016 Coritiba Foot Ball Club
86%
6 CE (2º lugar) Sul-Americana 2023 Libertadores 2025 Fortaleza Esporte Clube
86%
1 SP (?) Libertadores 2026 Libertadores 2026 Mirassol Futebol Clube
86%
3 GO (3º lugar) Sul-Americana 2022 Sul-Americana 2022 Atlético Clube Goianiense
82%
2 PE (2ª fase) Sul-Americana 2013 Sul-Americana 2013 Clube Náutico Capibaribe
82%
2 RS (Fase de Grupos) Libertadores 2000 Sul-Americana 2005 Esporte Clube Juventude
82%
8 SP (2º lugar) Sul-Americana 2021 Sul-Americana 2026 Red Bull Bragantino
82%
2 MG (4ª de finais) Sul-Americana 2023 Sul-Americana 2023 América Futebol Clube
77%
1 SC (4ª de finais) Sul-Americana 2010 Sul-Americana 2010 Avaí Futebol Clube
77%
21 PR 2 (1º lugar) Sul-Americana1 (1º lugar) Copa Suruga Bank Sul-Americana 2024 Club Athletico Paranaense
77%
2 MT (Playoffs) Sul-Americana 2013 Sul-Americana 2024 Cuiabá Esporte Clube
73%
4 PR (8ª de finais) Libertadores 2007 Libertadores 2007 Paraná Clube
73%
1 PA (8ª de finais) Libertadores 2003 Libertadores 2003 Paysandu Sport Club
73%
1 RN (8ª de finais) Copa CONMEBOL 1998 Copa CONMEBOL 1998 América Futebol Clube
68%
2 SP (2ª fase) Sul-Americana 2013 Sul-Americana 2013 Associação Portuguesa de Desportos
68%
1 AL (2º lugar) Copa CONMEBOL 1999 Copa CONMEBOL 1999 Centro Sportivo Alagoano
68%
3 SC (4ª de finais) Libertadores 1992 Sul-Americana 2014 Criciúma Esporte Clube
68%
4 SC (2ª fase) Sul-Americana 2012 e 2016 Sul-Americana 2016 Figueirense Futebol Clube
68%
1 SP (Fase de Grupos) Libertadores 2006 Libertadores 2006 Paulista Futebol Clube
68%
1 SP (Fase de Grupos) Libertadores 2005 Libertadores 2005 Esporte Clube Santo André
64%
1 SC (2ª fase) Sul-Americana 2015 Sul-Americana 2015 Joinville Esporte Clube
64%
1 PE (8ª de finais) Sul-Americana 2016 Sul-Americana 2016 Santa Cruz Futebol Clube
64%
5 SP (2º lugar) Libertadores 2002 Libertadores 2004 São Caetano Futebol
64%
1 GO (8ª de finais) Copa CONMEBOL 1999 Copa CONMEBOL 1999 Vila Nova Futebol Clube
64%
1 RJ (Fase de Grupos) Libertadores 1986 Libertadores 1986 Bangu Atlético Clube
59%
4 SP (4º lugar) Libertadores 1979 Copa CONMEBOL 1995 Guarani Futebol Clube
59%
3 SP (2º lugar) Sul-Americana 2013 Sul-Americana 2017 Associação Atlética Ponte Preta
55%
1 SP (2ª fase) Sul-Americana 2010 Sul-Americana 2010 Grêmio Barueri Futebol Ltda.
50%
1 MA (3º lugar) Copa CONMEBOL 1998 Copa CONMEBOL 1998 Sampaio Corrêa Futebol Clube
50%
1 DF (8ª de finais) Sul-Americana 2015 Sul-Americana 2015 Brasília Futebol Clube
45%
1 AC (8ª de finais) Copa CONMEBOL 1997 Copa CONMEBOL 1997 Rio Branco Football Club
45%
1 AM (3º lugar) Copa CONMEBOL 1999 Copa CONMEBOL 1999 São Raimundo Esporte Clube
9%
Nenhum quiz correspondente encontrado
Distribuição das Pontuações
Porcentagem de Pessoas com Cada Pontuação
Percentil de Números Respondidos
Sua Pontuação Histórica
Você não jogou esse quiz desde o último reset